000 00257nam a22001217a 4500
008 181105b xxu||||| |||| 00| 0 eng d
041 _aeng
080 _a616.5
100 _a7
101 _aDER
245 _aPractical Dermatology
_cLewis
942 _2udc
_cBK
999 _c51849
_d51849